| 000 | 00555nam a2200169 4500 | ||
|---|---|---|---|
| 008 | 011121s1978 us 1 engYA | ||
| 020 | _a0836118413 | ||
| 090 |
_aBS647.2 _bEr1 |
||
| 100 | 1 | _aErb, Paul | |
| 245 | 1 | 0 |
_aBible prophecy : _bquestions and answers / _cPaul Erb. |
| 260 |
_aPennsylvania : _bHerald Press, _cc1978. |
||
| 300 | _a208 p. | ||
| 504 | _aBiblio: pp. 202-204 / Includes index | ||
| 650 | 4 |
_aBible _xProphecies _xMiscellanea. |
|
| 650 | 4 |
_aEschatology _xMiscellanea. |
|
| 951 |
_p21331 _x00003870 _oBS647.2/Er1 _j070613111019750 _d2000-12-21 _cGC |
||
| 999 |
_c4962 _d4962 |
||